| 000 | 00541nam a22001697a 4500 | ||
|---|---|---|---|
| 003 | NUST | ||
| 038 | _aNusrat Nadeem | ||
| 082 | _a200 | ||
| 100 |
_aArif, Saba _9119954 |
||
| 245 |
_aIMPLEMENTATION OF FUN FRIENDS AND ADULT RESILIENCE PROGRAMS/ _cSaba Arif |
||
| 264 |
_aIslamabad _bS3H NUST, _c2023 |
||
| 300 |
_aill: _b262,p: _c30,cm |
||
| 690 |
_aMS-Department of Behavioral Sciences _9126276 |
||
| 700 |
_aSupervisor: Dr. Tamkeen Ashraf Malik _9114379 |
||
| 856 | _uhttp://10.250.8.41:8080/xmlui/handle/123456789/38020 | ||
| 942 |
_2ddc _cSC |
||
| 999 |
_c607449 _d607449 |
||